Indian Religious Historiography (Record no. 11894)

MARC details
000 -LEADER
fixed length control field 00672nam a2200253 a 4500
020 ## - INTERNATIONAL STANDARD BOOK NUMBER
ISBN 8121579
082 00 - DEWEY DECIMAL CLASSIFICATION NUMBER
Classification number 294
Author Cutter BHA
100 ## - MAIN ENTRY--AUTHOR NAME
Author name Bhattacharyya, Narendra Nath
245 ## - TITLE STATEMENT
Title Indian Religious Historiography
260 ## - PUBLICATION, DISTRIBUTION, ETC. (IMPRINT)
Place of publication New Delhi
Name of publisher Munshiram Manoharlal Publishers
Year of publication 1996
300 ## - PHYSICAL DESCRIPTION
Number of Pages 403p
500 ## - GENERAL NOTE
General note includes index and biblioraphy
505 2# - FORMATTED CONTENTS NOTE
Formatted contents note Index
650 ## - SUBJECT ADDED ENTRY--TOPICAL TERM
Topical Term India-Religion
650 ## - SUBJECT ADDED ENTRY--TOPICAL TERM
Topical Term India-Religion-history
942 ## - ADDED ENTRY ELEMENTS (KOHA)
Koha item type Books
700 1# -
-- Bhattacharyya, Narendra Nath
Holdings
Collection code Home library Current library Date acquired Cost, normal purchase price Full call number Accession Number Koha item type
  Henry Martyn Institute Library Henry Martyn Institute Library 07/24/2007 475.00 294 BHA 016926 Books
                   Copyright © 2026 | Henry Martyn Institute | Hyderabad | TS-500052 | INDIA | Implemented by hmi.edu.in
Hit-Count:

Powered by Koha